A competency framework for professional valuers (Record no. 113049)
[ view plain ]
| 000 -LEADER | |
|---|---|
| fixed length control field | 01203cad a22002055a 4500 |
| 001 - CONTROL NUMBER | |
| control field | L154588 |
| 008 - FIXED-LENGTH DATA ELEMENTS--GENERAL INFORMATION | |
| fixed length control field | 120103s2011 xxk f 000 0 eng d |
| 035 ## - SYSTEM CONTROL NUMBER | |
| System control number | (Sirsi) u154588 |
| 041 0# - LANGUAGE CODE | |
| Language code of text/sound track or separate title | eng |
| 110 2# - MAIN ENTRY--CORPORATE NAME | |
| Corporate name or jurisdiction name as entry element | International Valuation Standards Council |
| 9 (RLIN) | 5828 |
| 245 02 - TITLE STATEMENT | |
| Title | A competency framework for professional valuers |
| Remainder of title | exposure draft |
| Medium | [electronic resource] |
| 260 ## - PUBLICATION, DISTRIBUTION, ETC. | |
| Place of publication, distribution, etc. | London |
| Name of publisher, distributor, etc. | IVSC |
| Date of publication, distribution, etc. | 2011 |
| 505 2# - FORMATTED CONTENTS NOTE | |
| Formatted contents note | Introduction to exposure draft -- Questions for respondents -- Exposure draft: a competency framework |
| 520 ## - SUMMARY, ETC. | |
| Summary, etc. | This paper has been produced to set out the common characteristics and competences of a professional valuer. It is in the public interest that those who commission and rely on valuations are aware of the qualities that any professional valuer should possess. It also intends to enhance the general understanding of the attributes of professional valuers by a wide range of stakeholders. Comments on this exposure draft are invited before 28 February 2012. |
| 590 ## - LOCAL NOTE (RLIN) | |
| Local note | NTK KA |
| 651 #4 - SUBJECT ADDED ENTRY--GEOGRAPHIC NAME | |
| Geographic name | International |
| 690 ## - LOCAL SUBJECT ADDED ENTRY--TOPICAL TERM (OCLC, RLIN) | |
| Topical term or geographic name as entry element | PROPERTY-PROPERTY APPRAISAL AND VALUATION |
| 856 40 - ELECTRONIC LOCATION AND ACCESS | |
| Uniform Resource Identifier | <a href="https://www.ivsc.org/pubs/index.html">https://www.ivsc.org/pubs/index.html</a> |
| Public note | View the code free of charge at www.ivsc.org |
| 942 ## - ADDED ENTRY ELEMENTS (KOHA) | |
| Suppress in OPAC | 0 |
| Withdrawn status | Lost status | Source of classification or shelving scheme | Damaged status | Not for loan | Home library | Current library | Shelving location | Date acquired | Total Checkouts | Full call number | Barcode | Date last seen | Copy number | Price effective from | Koha item type |
|---|---|---|---|---|---|---|---|---|---|---|---|---|---|---|---|
| Dewey Decimal Classification | Virtual | Virtual | Online | 02/01/2012 | ONLINE PUBLICATION | 154588-2001 | 06/08/2019 | 1 | 06/08/2019 | Book |